Management accounting for decision makers

Tallennettuna:
Bibliografiset tiedot
Päätekijä: Atrill, Peter
Aineistotyyppi: Kirja
Julkaistu: Pearson
Tagit: Lisää tagi
Ei tageja, Lisää ensimmäinen tagi!

MARC

LEADER 00000nam a2200000Ia 4500
005 20260515061618.0
100 |a Atrill, Peter. 
020 |a 9781292729220 
942 |c BK 
245 |a Management accounting for decision makers  
260 |b Pearson 
999 |c 81  |d 81 
952 |0 0  |1 0  |4 0  |7 0  |a ABDN  |b ABDN  |d 2026-05-15  |l 0  |p 000081  |r 2026-05-15 06:16:18  |w 2026-05-15  |y BK